=LDR 00000nam 2200000 4500 =001 INLIS000000000037790 =005 20200206093706 =035 ##$$a 0010-061300000037790 =008 200206################g##########0#ind## =041 ##$$a Ind =082 ##$$a 006.7 =090 ##$$a 006.7, Bow t =100 ##$$a Bowo, Eri =245 1#$$a Template CMS, : $b panduan mudah membuat tPanduan Mudah Membuat Template Joomla, Drupal, Wordpress dan Dotnet Nuke /$c Eri Wibowo =260 ##$$a Jasakom :$b Bandung,$c 2009 =300 ##$$a 155 hlm, : $b ilus, ; $c 22 cm =650 #4$$a Website =850 ##$$a NBPNMAT =020 ##$$a 978-979-1090-32-2 =084 ##$$a 006.7 BOW t =250 ##$$a Cet. Pertama =700 #$$a Kurniawan dgt =990 ##$$a 00092270 =990 ##$$a 00000098916 =990 ##$$a 00000098917 =990 ##$$a 00000098919 =990 ##$$a 00000098920 =990 ##$$a 00000098921